书目信息 |
| 题名: |
建筑电工
|
|
| 作者: | 朱克 编著 | |
| 分册: | ||
| 出版信息: | 北京 中国建筑工业出版社 1997.06 |
|
| 页数: | 238页 | |
| 开本: | 16开 | |
| 丛书名: | ||
| 单 册: | ||
| 中图分类: | TU85-43 | |
| 科图分类: | ||
| 主题词: | 房屋建筑设备:机电设备 | |
| 电子资源: | ||
| ISBN: | 7-112-02992-9 | |
| 000 | 00550nam0 2200193 45 | |
| 001 | 0011181572 | |
| 005 | 20010220104119.3 | |
| 010 | @a7-112-02992-9@d15.90元 | |
| 100 | @a20001118d1997 km y0chiy0120 ea | |
| 101 | 0 | @achi |
| 105 | @a z 000yy | |
| 200 | 1 | @a建筑电工@AJian Zhu Dian Gong@f朱克编著@FZhu Ke Bian Zhu |
| 210 | @a北京@c中国建筑工业出版社@d1997.06 | |
| 215 | @a238页@d16开 | |
| 606 | 0 | @a房屋建筑设备:机电设备 |
| 690 | @aTU85-43@v3 | |
| 701 | 0 | @a朱克@4编著 |
| 801 | @aCN@bPftUser@c20001118 | |
| 905 | @dTU85-43@eZH.062-2@b322879-881@f3 | |
| 建筑电工/朱克编著.-北京:中国建筑工业出版社,1997.06 |
| 238页;16开 |
| ISBN 7-112-02992-9:15.90元 |
| ● |
| 相关链接 |
|
|
|
正题名:建筑电工
索取号:TU85-43/ZH.062-2
 
预约/预借
| 序号 | 登录号 | 条形码 | 馆藏地/架位号 | 状态 | 备注 |
| 1 | 322879 | 203228792 | 建筑库201/201建筑库 84排2列3层/ [索取号:TU85-43/ZH.062-2] | 在馆 | |
| 2 | 322880 | 203228809 | 建筑库201/201建筑库 84排2列2层/ [索取号:TU85-43/ZH.062-2] | 在馆 | |
| 3 | 322881 | 203228818 | 建筑库201/201建筑库 84排2列2层/ [索取号:TU85-43/ZH.062-2] | 在馆 |